[Event "2. ODEM U25 2005"]
[Site "Willingen GER"]
[Date "2005.05.16"]
[Round "3"]
[White "Willems, Sebastian"]
[Black "Volz, Daniel"]
[Result "1-0"]
[Termination "normal"]
[Board "30"]
[WhiteElo "1786"]
[BlackElo "1391"]
[PlyCount "89"]
[BlackFideId "4661125"]
[EventCountry "GER"]
[EventRounds "9"]
[EventType "swiss"]
[EventDate "2005.05.15"]

1. c4 g6 2. g3 Nf6 3. Bg2 Bg7 4. Nf3 O-O 5. O-O d6 6. Nc3 e5 7. d3 c6 8. Bd2 h6
9. Rc1 Be6 10. Qa4 Na6 11. b4 Nc7 12. Rc2 Nd7 13. Qa3 f5 14. b5 c5 15. Ne1 Qc8
16. f4 Kh7 17. Qb3 exf4 18. gxf4 Re8 19. Rf3 Bf7 20. Rh3 Ne6 21. e3 Nf6 22. Nf3
Kg8 23. Nh4 Nd8 24. Rg3 Kh7 25. Bf3 Qd7 26. Qa3 Re7 27. Na4 Qc8 28. Kh1 Ng4 29.
Ng2 Re8 30. h3 Nf6 31. Bc3 Re7 32. Qb2 Ne8 33. Bxg7 Nxg7 34. Nc3 Ne8 35. Bd5
Bxd5 36. Nxd5 Rf7 37. Nh4 Rg7 38. Rcg2 g5 39. fxg5 h5 40. Nf6+ Nxf6 41. gxf6
Rxg3 42. Rxg3 Ne6 43. Qg2 Rb8 44. Rg7+ Kh8 45. Ng6# 1-0

[Event "2. ODEM U25 2005"]
[Site "Willingen GER"]
[Date "2005.05.16"]
[Round "3"]
[White "Durmisi, Valon"]
[Black "Winter, Jonathan"]
[Result "1-0"]
[Termination "normal"]
[Board "31"]
[WhiteElo "1373"]
[BlackElo "1746"]
[PlyCount "51"]
[EventCountry "GER"]
[EventRounds "9"]
[EventType "swiss"]
[EventDate "2005.05.15"]

1. e4 d6 2. Nf3 g6 3. d4 Nf6 4. Nc3 Bg7 5. Bc4 Nxe4 6. Bxf7+ Kxf7 7. Nxe4 Rf8
8. Be3 Kg8 9. c3 Nc6 10. Neg5 e5 11. Qb3+ d5 12. Nxe5 Nxe5 13. dxe5 Bxe5 14.
O-O-O c6 15. Nf3 Bf4 16. Rhe1 Bxe3+ 17. Rxe3 Qb6 18. Qa3 Bg4 19. Rdd3 Bf5 20.
Rd2 Be4 21. Qd6 Qd8 22. Qe6+ Kg7 23. Rxe4 dxe4 24. Rxd8 Raxd8 25. Qxe4 Rfe8 26.
Qb4 1-0

[Event "2. ODEM U25 2005"]
[Site "Willingen GER"]
[Date "2005.05.16"]
[Round "3"]
[White "Dorn, Matthias"]
[Black "Gahn, Cornelia"]
[Result "1-0"]
[Termination "normal"]
[Board "32"]
[WhiteElo "1728"]
[BlackElo "1342"]
[PlyCount "71"]
[WhiteFideId "24600695"]
[EventCountry "GER"]
[EventRounds "9"]
[EventType "swiss"]
[EventDate "2005.05.15"]

1. d4 d5 2. c4 e6 3. Nc3 Nf6 4. cxd5 exd5 5. Bg5 Be7 6. e3 Bf5 7. Qb3 b6 8.
Bxf6 Bxf6 9. Qxd5 Qxd5 10. Nxd5 Bd8 11. Nc3 O-O 12. g3 Nd7 13. Bg2 Rb8 14. e4
Re8 15. Nge2 Bg6 16. O-O f6 17. Bh3 Nf8 18. f3 c6 19. Rac1 Bf7 20. Rfd1 Be6 21.
Bxe6+ Nxe6 22. Na4 b5 23. Nc5 Nxc5 24. Rxc5 Rb6 25. Rdc1 Re6 26. Kf2 Be7 27.
R5c2 Kf7 28. Ke3 g5 29. f4 f5 30. e5 h6 31. d5 cxd5 32. Nd4 Rg6 33. Nxf5 Bd8
34. Nd6+ Kf8 35. f5 Rg8 36. f6 1-0

[Event "2. ODEM U25 2005"]
[Site "Willingen GER"]
[Date "2005.05.16"]
[Round "3"]
[White "Jorczik, Andreas"]
[Black "Reiske, Anne"]
[Result "1/2-1/2"]
[Termination "normal"]
[Board "33"]
[WhiteElo "1329"]
[BlackElo "1719"]
[PlyCount "85"]
[WhiteFideId "24634921"]
[BlackFideId "24635472"]
[EventCountry "GER"]
[EventRounds "9"]
[EventType "swiss"]
[EventDate "2005.05.15"]

1. d4 d5 2. c4 e6 3. Nc3 Nf6 4. Nf3 Nbd7 5. Bg5 Be7 6. e3 b6 7. cxd5 Nxd5 8.
Bxe7 Nxe7 9. Bd3 Bb7 10. Rc1 a6 11. O-O O-O 12. Re1 c5 13. Be4 Qb8 14. Qd3 h6
15. Red1 cxd4 16. exd4 Nf6 17. Ne5 Rd8 18. Qf3 Ra7 19. Bxb7 Qxb7 20. Qxb7 Rxb7
21. f3 Nf5 22. Nc6 Rc8 23. d5 Ne3 24. Rd3 Nfxd5 25. Nxd5 Nxd5 26. Rxd5 exd5 27.
Ne7+ Rxe7 28. Rxc8+ Kh7 29. Rc6 Re2 30. Rxb6 d4 31. Rb3 f6 32. a4 Rc2 33. Rd3
Rxb2 34. Rxd4 Ra2 35. h3 Kg6 36. Kh2 h5 37. h4 Kf7 38. Re4 a5 39. Kh3 Rb2 40.
g4 hxg4+ 41. Kxg4 g6 42. Kf4 Rb3 43. Re3 1/2-1/2

[Event "2. ODEM U25 2005"]
[Site "Willingen GER"]
[Date "2005.05.16"]
[Round "3"]
[White "Kling, Felix"]
[Black "Lüders, Morten"]
[Result "0-1"]
[Termination "normal"]
[Board "34"]
[WhiteElo "1513"]
[BlackElo "1728"]
[PlyCount "76"]
[EventCountry "GER"]
[EventRounds "9"]
[EventType "swiss"]
[EventDate "2005.05.15"]

1. d4 f5 2. e3 Nf6 3. Bd3 g6 4. h4 d6 5. h5 Bg7 6. hxg6 hxg6 7. Rxh8+ Bxh8 8.
Nf3 Nc6 9. Nbd2 e5 10. dxe5 Nxe5 11. Nxe5 dxe5 12. e4 Be6 13. Qe2 Qd7 14. Nf3
fxe4 15. Bxe4 O-O-O 16. Nxe5 Qd4 17. Bxg6 Ng4 18. Nc6 bxc6 19. Qxe6+ Kb7 20.
Qb3+ Ka8 21. Be3 Nxe3 22. Qxe3 Qxb2 23. Rd1 Bc3+ 24. Ke2 Qb5+ 25. Rd3 Ba5 26.
Qe7 Rh8 27. Be4 Rh1 28. Qe8+ Kb7 29. Kf3 Qc5 30. Rb3+ Bb6 31. Kg4 Rh6 32. Bf5
Qd4+ 33. f4 a5 34. Rd3 Qf6 35. Qc8+ Ka7 36. Rd8 Qh4+ 37. Kf3 Qf2+ 38. Kg4 Qxg2#
0-1

[Event "2. ODEM U25 2005"]
[Site "Willingen GER"]
[Date "2005.05.16"]
[Round "3"]
[White "Albers, Damian"]
[Black "Sonnhalter, Stella"]
[Result "1-0"]
[Termination "normal"]
[Board "35"]
[WhiteElo "1997"]
[BlackElo "1262"]
[PlyCount "53"]
[WhiteFideId "4695186"]
[BlackFideId "4624815"]
[EventCountry "GER"]
[EventRounds "9"]
[EventType "swiss"]
[EventDate "2005.05.15"]

1. e4 c5 2. Nf3 Nc6 3. Bb5 g6 4. O-O Bg7 5. Re1 d6 6. c3 Nf6 7. d4 a6 8. Bxc6+
bxc6 9. dxc5 dxc5 10. Qxd8+ Kxd8 11. Ne5 Ke8 12. Nd2 Bb7 13. Nb3 Nd7 14. Nxd7
Kxd7 15. Nxc5+ Kc7 16. Bg5 Rhe8 17. Rad1 Kb6 18. Be3 Kc7 19. Rd7+ Kc8 20. Rxb7
Bf6 21. Rd1 Rd8 22. Rxd8+ Kxd8 23. Kf1 Kc8 24. f4 Kd8 25. e5 Bg7 26. Rb6 Kc7
27. Rxa6 1-0

[Event "2. ODEM U25 2005"]
[Site "Willingen GER"]
[Date "2005.05.16"]
[Round "3"]
[White "Reinke, Martin"]
[Black "Stuhl, Alexander"]
[Result "0-1"]
[Termination "normal"]
[Board "36"]
[WhiteElo "1574"]
[BlackElo "2071"]
[PlyCount "58"]
[WhiteFideId "4620518"]
[BlackFideId "24601373"]
[EventCountry "GER"]
[EventRounds "9"]
[EventType "swiss"]
[EventDate "2005.05.15"]

1. d4 e6 2. c4 Nf6 3. Nf3 Bb4+ 4. Bd2 Qe7 5. a3 Bxd2+ 6. Nbxd2 d6 7. e4 e5 8.
d5 a5 9. Bd3 O-O 10. b4 Bg4 11. O-O Na6 12. Qb3 Nh5 13. g3 g6 14. Nh4 Bh3 15.
Ng2 f5 16. exf5 gxf5 17. Be2 Ng7 18. Rae1 Qf6 19. c5 Kh8 20. cxd6 cxd6 21. Nc4
a4 22. Qb2 f4 23. Bf3 Nf5 24. Nb6 Nd4 25. Qc3 fxg3 26. fxg3 Nxf3+ 27. Kh1 Bxg2+
28. Kxg2 Nxe1+ 29. Qxe1 Qxf1+ 0-1

[Event "2. ODEM U25 2005"]
[Site "Willingen GER"]
[Date "2005.05.16"]
[Round "3"]
[White "Beck, Patrick"]
[Black "Rosenkranz, Christian"]
[Result "1/2-1/2"]
[Termination "normal"]
[Board "37"]
[WhiteElo "1719"]
[BlackElo "1232"]
[PlyCount "64"]
[WhiteFideId "24660418"]
[BlackFideId "24674494"]
[EventCountry "GER"]
[EventRounds "9"]
[EventType "swiss"]
[EventDate "2005.05.15"]

1. d4 Nf6 2. c4 e6 3. Nc3 d5 4. cxd5 exd5 5. Bg5 Be7 6. e3 O-O 7. Bd3 Nc6 8. a3
b6 9. Nge2 h6 10. Bh4 Be6 11. O-O Rc8 12. Ba6 Rb8 13. Rc1 Bc8 14. Bd3 Bb7 15.
b4 Nh5 16. Bg3 Bd6 17. Bb1 a6 18. Qd3 g6 19. Ba2 Ne7 20. Bh4 c6 21. Kh1 Qd7 22.
Bb1 Nf5 23. Bg3 Nhxg3+ 24. Nxg3 Nxg3+ 25. hxg3 c5 26. Na2 c4 27. Qd1 b5 28. Qf3
Rfe8 29. Nc3 Bc7 30. Kh2 h5 31. Rh1 Qd6 32. Kg1 Re6 1/2-1/2

[Event "2. ODEM U25 2005"]
[Site "Willingen GER"]
[Date "2005.05.16"]
[Round "3"]
[White "Fabritius, Norbert"]
[Black "Winter, Christopher"]
[Result "0-1"]
[Termination "normal"]
[Board "39"]
[WhiteElo "1321"]
[BlackElo "1553"]
[PlyCount "120"]
[WhiteFideId "24662178"]
[EventCountry "GER"]
[EventRounds "9"]
[EventType "swiss"]
[EventDate "2005.05.15"]

1. Nf3 d5 2. c4 dxc4 3. e3 Nf6 4. Bxc4 Bg4 5. Qb3 e6 6. Qxb7 Nbd7 7. Nd4 Qb8 8.
Qxb8+ Rxb8 9. Nc3 Bc5 10. Nc6 Rb7 11. d4 Bb4 12. Nxb4 Rxb4 13. b3 c6 14. O-O
Rb6 15. Ba3 Bf5 16. Rfd1 Nd5 17. Nxd5 cxd5 18. Be2 Nf6 19. Bc5 Rb7 20. Ba6 Rc7
21. Bb5+ Kd8 22. Rac1 Ne4 23. Bb4 Rb7 24. Ba6 Rb8 25. Ba5+ Ke7 26. Rc7+ Kf6 27.
Rxa7 Ra8 28. Rxa8 Rxa8 29. Bb4 Rxa6 30. f3 Nd6 31. Rc1 Rb6 32. Bc5 Rc6 33. a4
Ke7 34. a5 Kd7 35. b4 Bd3 36. Kf2 Nb7 37. Rc3 Nxc5 38. dxc5 Bc4 39. Rc2 Rc8 40.
Rb2 Kc6 41. Ke1 Rd8 42. Kd2 Bf1 43. Kc3 e5 44. Rf2 d4+ 45. Kb3 Bb5 46. e4 g6
47. Kc2 Be2 48. Kd2 d3 49. f4 Rb8 50. fxe5 Rxb4 51. Rxf7 Rb2+ 52. Ke1 Rb1+ 53.
Kd2 Kxc5 54. e6 Rb2+ 55. Ke3 Bg4 56. e7 Bd7 57. Kxd3 Kd6 58. a6 Ra2 59. e8=Q
Bxe8 60. a7 Bxf7 0-1

[Event "2. ODEM U25 2005"]
[Site "Willingen GER"]
[Date "2005.05.16"]
[Round "3"]
[White "Teltewskoi, Alexander"]
[Black "Zimmerer, David"]
[Result "1/2-1/2"]
[Termination "normal"]
[Board "40"]
[WhiteElo "1312"]
[BlackElo "1193"]
[PlyCount "66"]
[BlackFideId "4620224"]
[EventCountry "GER"]
[EventRounds "9"]
[EventType "swiss"]
[EventDate "2005.05.15"]

1. e4 c5 2. Nc3 Nc6 3. g3 g6 4. Bg2 Bg7 5. d3 e6 6. Be3 d6 7. Qd2 a6 8. a4 Qc7
9. f4 b6 10. Nf3 Nd4 11. O-O Nxf3+ 12. Rxf3 Ne7 13. g4 Bb7 14. Rf2 h5 15. f5
exf5 16. gxf5 gxf5 17. exf5 Bxg2 18. Kxg2 Qc6+ 19. Kf1 Qh1+ 20. Ke2 Qxa1 21. f6
Bxf6 22. Rxf6 Qh1 23. Rf2 Qc6 24. Bg5 Qd7 25. Qf4 Qe6+ 26. Kd2 Qf5 27. Qxf5
Nxf5 28. Rxf5 Rg8 29. Bf4 Ke7 30. Nd5+ Ke6 31. Rxh5 Raf8 32. Nxb6 f5 33. Rh6+
Rf6 1/2-1/2

[Event "2. ODEM U25 2005"]
[Site "Willingen GER"]
[Date "2005.05.16"]
[Round "3"]
[White "Chernova, Margarita"]
[Black "Lange, Vanessa"]
[Result "0-1"]
[Termination "normal"]
[Board "41"]
[WhiteElo "1187"]
[BlackElo "1295"]
[PlyCount "62"]
[EventCountry "GER"]
[EventRounds "9"]
[EventType "swiss"]
[EventDate "2005.05.15"]

1. e4 e5 2. Nf3 Nc6 3. Bc4 Bc5 4. c3 f6 5. d4 Bd6 6. Bxg8 Rxg8 7. d5 Ne7 8. O-O
b6 9. Qd3 a5 10. b3 g5 11. Nbd2 Ng6 12. Nc4 Qe7 13. h3 h5 14. Nh2 Nf4 15. Qf3
Qh7 16. Nxd6+ cxd6 17. Ba3 Ke7 18. Rfe1 Qg6 19. Kf1 Ba6+ 20. c4 b5 21. Rac1
Rac8 22. cxb5 Bxb5+ 23. Kg1 Rxc1 24. Rxc1 Ne2+ 25. Kh1 Nxc1 26. Bxc1 Rc8 27.
Bd2 Rc2 28. a4 Rxd2 29. axb5 Rb2 30. Qc3 Rb1+ 31. Nf1 Rxf1+ 0-1

[Event "2. ODEM U25 2005"]
[Site "Willingen GER"]
[Date "2005.05.16"]
[Round "3"]
[White "Nöttling, Dominik"]
[Black "Strohmann, Marc"]
[Result "1-0"]
[Termination "normal"]
[Board "42"]
[WhiteElo "1179"]
[BlackElo "1267"]
[PlyCount "73"]
[WhiteFideId "24672807"]
[EventCountry "GER"]
[EventRounds "9"]
[EventType "swiss"]
[EventDate "2005.05.15"]

1. e4 c6 2. d4 d5 3. Nc3 dxe4 4. Nxe4 Bf5 5. Ng3 Bg6 6. Be3 e6 7. Bd3 Bxd3 8.
Qxd3 Nf6 9. Nf3 Nbd7 10. O-O Bd6 11. c4 Nb6 12. c5 Bxc5 13. Rad1 Bd6 14. Rfe1
Nbd5 15. Bg5 h6 16. Bxf6 Nxf6 17. Ne4 Nxe4 18. Qxe4 Qf6 19. d5 cxd5 20. Qxd5
O-O-O 21. Rc1+ Kb8 22. Qc4 Qxb2 23. Red1 Qb6 24. Rb1 Qc7 25. Qb3 Qb6 26. Qc3
Qa6 27. Qxg7 Qxa2 28. Ra1 Qc2 29. Rxd6 Rxd6 30. Qxh8+ Kc7 31. h3 Qc5 32. Qxh6
Rc6 33. Qf4+ Kc8 34. Qxf7 a5 35. Rd1 a4 36. Qe8+ Kc7 37. Qd8# 1-0

[Event "2. ODEM U25 2005"]
[Site "Willingen GER"]
[Date "2005.05.16"]
[Round "3"]
[White "Frey, Steffen"]
[Black "Hauffen, Kai"]
[Result "1-0"]
[Termination "normal"]
[Board "43"]
[WhiteElo "1248"]
[BlackElo "1120"]
[PlyCount "91"]
[EventCountry "GER"]
[EventRounds "9"]
[EventType "swiss"]
[EventDate "2005.05.15"]

1. e4 e5 2. Nf3 Nc6 3. Nc3 Nf6 4. d4 Bb4 5. Nxe5 Nxe5 6. dxe5 Nxe4 7. Qg4 Bxc3+
8. bxc3 Nxc3 9. Qxg7 Rf8 10. Bc4 Qh4 11. Ba3 d6 12. Bd3 Qa4 13. Bc1 Qd4 14. Bh6
Qxe5+ 15. Qxe5+ dxe5 16. Bxf8 Kxf8 17. O-O Be6 18. Rfe1 f6 19. f4 Kf7 20. fxe5
fxe5 21. Rxe5 Rg8 22. Rae1 Bd5 23. Rf1+ Kg7 24. Rg5+ Kh8 25. Rxg8+ Kxg8 26. Rf4
c5 27. Bc4 Kg7 28. Rg4+ Kf6 29. Bxd5 Nxd5 30. c4 Ne3 31. Rf4+ Ke5 32. Rh4 b5
33. cxb5 c4 34. Kf2 Nd1+ 35. Ke2 Nb2 36. Kd2 Kd5 37. Kc2 Na4 38. Rxh7 Nb6 39.
Rxa7 Kc5 40. h4 Kxb5 41. h5 Nd5 42. h6 Nf6 43. h7 Nxh7 44. Rxh7 Kc5 45. Rd7 Kc6
46. Rd2 1-0

[Event "2. ODEM U25 2005"]
[Site "Willingen GER"]
[Date "2005.05.16"]
[Round "3"]
[White "Nitsche-Hahn, Raphael"]
[Black "Huynh, Nhi Lang"]
[Result "0-1"]
[Termination "normal"]
[Board "44"]
[WhiteElo "1086"]
[BlackElo "1241"]
[PlyCount "72"]
[WhiteFideId "4613120"]
[BlackFideId "24669180"]
[EventCountry "GER"]
[EventRounds "9"]
[EventType "swiss"]
[EventDate "2005.05.15"]

1. d4 d5 2. c4 e6 3. Nf3 Nf6 4. e3 Bb4+ 5. Bd2 Bxd2+ 6. Nbxd2 O-O 7. Bd3 Re8 8.
O-O c6 9. Rc1 Nbd7 10. b4 e5 11. cxd5 e4 12. Nxe4 Nxe4 13. dxc6 bxc6 14. Rxc6
Bb7 15. Rc2 Nb6 16. Ne5 Qg5 17. Nf3 Qg4 18. Ne5 Qxd1 19. Rxd1 Nf6 20. Bc4 Bd5
21. Bxd5 Nbxd5 22. a3 Rac8 23. Rdc1 Rxc2 24. Rxc2 Rb8 25. g3 h6 26. Nc6 Rc8 27.
e4 Nxe4 28. Re2 Rxc6 29. Rxe4 Rd6 30. Re8+ Kh7 31. Ra8 Ra6 32. b5 Rxa3 33. Rd8
Nb6 34. d5 Ra5 35. d6 Rxb5 36. d7 Rd5 0-1

[Event "2. ODEM U25 2005"]
[Site "Willingen GER"]
[Date "2005.05.16"]
[Round "3"]
[White "Neumair, Cedric"]
[Black "Usov, Andreas"]
[Result "1-0"]
[Termination "normal"]
[Board "45"]
[WhiteElo "1240"]
[BlackElo "1101"]
[PlyCount "67"]
[WhiteFideId "4698304"]
[BlackFideId "24601713"]
[EventCountry "GER"]
[EventRounds "9"]
[EventType "swiss"]
[EventDate "2005.05.15"]

1. d4 d5 2. c4 c6 3. Nf3 Nf6 4. e3 Bg4 5. Nc3 e6 6. Be2 Bxf3 7. Bxf3 dxc4 8. a4
Bb4 9. O-O O-O 10. Qe2 Nd5 11. Qxc4 Bxc3 12. bxc3 Qa5 13. Bd2 h6 14. Qd3 Nd7
15. c4 Qa6 16. Qb3 N5b6 17. Be2 Rfd8 18. Rfe1 c5 19. h3 Nc8 20. d5 Qb6 21. Qd3
Nf6 22. e4 Qb2 23. Bc3 Qb6 24. Qg3 exd5 25. exd5 Qd6 26. Be5 Qb6 27. Bc7 Ne4
28. Bxb6 Nxg3 29. Bxd8 Nd6 30. Bc7 Nxe2+ 31. Rxe2 Nxc4 32. d6 Rc8 33. d7 Rf8
34. Re8 1-0

[Event "2. ODEM U25 2005"]
[Site "Willingen GER"]
[Date "2005.05.16"]
[Round "3"]
[White "Lebeda, Lukas"]
[Black "Plumbaum, Nadja"]
[Result "1/2-1/2"]
[Termination "normal"]
[Board "46"]
[WhiteElo "1222"]
[BlackElo "940"]
[PlyCount "55"]
[BlackFideId "24691941"]
[EventCountry "GER"]
[EventRounds "9"]
[EventType "swiss"]
[EventDate "2005.05.15"]

1. d4 d5 2. c4 e6 3. Nc3 Nf6 4. Bf4 Be7 5. Nb5 Bb4+ 6. Nc3 O-O 7. e3 Ne4 8. Qc1
c6 9. Nge2 Qh4 10. g3 Qg4 11. Bg2 Nd7 12. c5 Ndf6 13. f3 Qh5 14. fxe4 Nxe4 15.
O-O Bxc3 16. Nxc3 Nf6 17. Be5 Ng4 18. h3 f6 19. Bd6 Rf7 20. hxg4 Qxg4 21. Qd1
Qg6 22. Bf3 e5 23. Bh5 Qxg3+ 24. Kh1 Qh3+ 25. Kg1 Qg3+ 26. Kh1 Qh3+ 27. Kg1
Qg3+ 28. Kh1 1/2-1/2

[Event "2. ODEM U25 2005"]
[Site "Willingen GER"]
[Date "2005.05.16"]
[Round "3"]
[White "Sadjjadi, Bijan Viktor"]
[Black "Tsoumanis, Konstantinos"]
[Result "0-1"]
[Termination "normal"]
[Board "47"]
[WhiteElo "750"]
[BlackElo "1204"]
[PlyCount "48"]
[EventCountry "GER"]
[EventRounds "9"]
[EventType "swiss"]
[EventDate "2005.05.15"]

1. e4 e5 2. Nf3 Nc6 3. Bc4 Nf6 4. Nc3 Bc5 5. O-O d6 6. d3 Be6 7. Bxe6 fxe6 8.
Bg5 O-O 9. Bxf6 Qxf6 10. Qe2 Rf7 11. Na4 Bd4 12. c3 Bb6 13. Nxb6 axb6 14. Qe3
h6 15. b4 b5 16. c4 bxc4 17. b5 Nb4 18. Qd2 Nxd3 19. g3 Qxf3 20. Qc2 Raf8 21.
Qd2 Nxf2 22. Rxf2 Qxf2+ 23. Qxf2 Rxf2 24. h4 c3 0-1

[Event "2. ODEM U25 2005"]
[Site "Willingen GER"]
[Date "2005.05.17"]
[Round "4"]
[White "Krensing, Jan"]
[Black "Vandenbergen, Nicolas"]
[Result "1/2-1/2"]
[Termination "normal"]
[Board "1"]
[WhiteElo "2233"]
[BlackElo "2057"]
[PlyCount "41"]
[WhiteFideId "4671694"]
[EventCountry "GER"]
[EventRounds "9"]
[EventType "swiss"]
[EventDate "2005.05.15"]

1. d4 d5 2. c4 Nc6 3. Nc3 dxc4 4. e3 e5 5. d5 Nce7 6. Bxc4 Nf6 7. Nge2 c6 8.
dxc6 Qxd1+ 9. Nxd1 Nxc6 10. Ndc3 Bf5 11. Ng3 Bg4 12. f3 Bd7 13. Bd2 Be7 14. Ke2
O-O 15. Nd5 Nxd5 16. Bxd5 Rfd8 17. Rhd1 Nd4+ 18. exd4 Bb5+ 19. Ke1 Rxd5 20. Bc3
exd4 21. Rxd4 1/2-1/2

[Event "2. ODEM U25 2005"]
[Site "Willingen GER"]
[Date "2005.05.17"]
[Round "4"]
[White "Banik, Thorsten"]
[Black "Patzer, Stefan"]
[Result "1-0"]
[Termination "normal"]
[Board "2"]
[WhiteElo "2107"]
[BlackElo "1997"]
[PlyCount "52"]
[WhiteFideId "4659376"]
[BlackFideId "24601209"]
[EventCountry "GER"]
[EventRounds "9"]
[EventType "swiss"]
[EventDate "2005.05.15"]

1. d4 f5 2. g3 Nf6 3. Bg2 e6 4. Nh3 d5 5. Nf4 Bd6 6. Nd3 O-O 7. Nd2 Nbd7 8. Nf3
c6 9. c3 Qe8 10. Nfe5 Bxe5 11. dxe5 Ng4 12. f4 Qe7 13. h3 Nh6 14. Be3 c5 15.
Qc2 a5 16. c4 d4 17. Bf2 g5 18. e3 dxe3 19. Bxe3 gxf4 20. Bxf4 Nf7 21. O-O-O
Rb8 22. g4 b5 23. gxf5 Nb6 24. f6 Qe8 25. Be4 Bb7 26. Qg2+ Ng5 1-0

[Event "2. ODEM U25 2005"]
[Site "Willingen GER"]
[Date "2005.05.17"]
[Round "4"]
[White "Kesten, Sebastian"]
[Black "Hort, Alexej"]
[Result "0-1"]
[Termination "normal"]
[Board "3"]
[WhiteElo "1978"]
[BlackElo "2105"]
[PlyCount "90"]
[WhiteFideId "24616214"]
[BlackFideId "4678125"]
[EventCountry "GER"]
[EventRounds "9"]
[EventType "swiss"]
[EventDate "2005.05.15"]

1. d4 Nf6 2. c4 c5 3. d5 b5 4. cxb5 a6 5. bxa6 Bxa6 6. Nc3 g6 7. e4 Bxf1 8.
Kxf1 d6 9. g4 Bg7 10. Kg2 Na6 11. g5 Nd7 12. f4 Qb6 13. Qe2 Nc7 14. Nf3 O-O 15.
h4 Qa6 16. Qxa6 Rxa6 17. Re1 Nb6 18. Re2 Rb8 19. Nd1 c4 20. Bd2 Na4 21. Bc3
Nxc3 22. bxc3 Ra3 23. Rc1 Rba8 24. Rcc2 Nb5 25. e5 e6 26. dxe6 fxe6 27. exd6
Nxd6 28. Rxe6 Rxa2 29. Rxa2 Rxa2+ 30. Kh3 Nf5 31. Re8+ Kf7 32. Rd8 Rc2 33. Rd2
Rc1 34. Kh2 Bxc3 35. Nxc3 Rxc3 36. Ne5+ Ke6 37. Rd7 Nxh4 38. Rxh7 Nf3+ 39. Nxf3
Rxf3 40. Rg7 Kf5 41. Rf7+ Kg4 42. Rf6 c3 43. Rxg6 c2 44. Rc6 Rf2+ 45. Kg1 Rd2
0-1

[Event "2. ODEM U25 2005"]
[Site "Willingen GER"]
[Date "2005.05.17"]
[Round "4"]
[White "Zentgraf, Robert"]
[Black "Gölz, Daniel"]
[Result "1-0"]
[Termination "normal"]
[Board "4"]
[WhiteElo "2082"]
[BlackElo "1809"]
[PlyCount "61"]
[WhiteFideId "4676483"]
[BlackFideId "24626325"]
[EventCountry "GER"]
[EventRounds "9"]
[EventType "swiss"]
[EventDate "2005.05.15"]

1. e4 c5 2. Nf3 Nc6 3. d4 cxd4 4. Nxd4 Nf6 5. Nc3 e5 6. Ndb5 d6 7. Bg5 a6 8.
Na3 Be6 9. Nc4 Rc8 10. Nd5 Bxd5 11. exd5 Nd4 12. c3 Nb5 13. a4 Nc7 14. Nb6 Rb8
15. a5 Be7 16. Bxf6 Bxf6 17. Qa4+ Ke7 18. Bd3 Na8 19. Nxa8 Rxa8 20. O-O g6 21.
Ra3 Kf8 22. Rb3 Rb8 23. Rb6 Qc7 24. Qb4 Ke7 25. Ra1 Kf8 26. Bxa6 Kg7 27. Rxb7
Rxb7 28. Bxb7 Rb8 29. a6 Bd8 30. Qb5 e4 31. Qc6 1-0

[Event "2. ODEM U25 2005"]
[Site "Willingen GER"]
[Date "2005.05.17"]
[Round "4"]
[White "Leisner, Hannes"]
[Black "Braun, Vitali"]
[Result "0-1"]
[Termination "normal"]
[Board "5"]
[WhiteElo "2022"]
[BlackElo "2232"]
[PlyCount "60"]
[WhiteFideId "4692705"]
[BlackFideId "4684915"]
[EventCountry "GER"]
[EventRounds "9"]
[EventType "swiss"]
[EventDate "2005.05.15"]

1. e4 e6 2. d4 d5 3. Nc3 h6 4. Be3 Nf6 5. Bd3 c5 6. dxc5 Nc6 7. Nf3 Ng4 8. Bf4
Bxc5 9. O-O d4 10. Ne2 e5 11. Bg3 Qe7 12. c3 O-O 13. cxd4 exd4 14. Rc1 Bb6 15.
a3 Nge5 16. Nxe5 Nxe5 17. Bxe5 Qxe5 18. f4 Qe7 19. f5 Qg5 20. Rf3 h5 21. Nf4
Bd7 22. Qe2 Rac8 23. Rcf1 h4 24. Nd5 Bd8 25. f6 g6 26. Kh1 Bg4 27. h3 Bxf3 28.
Qxf3 Rc1 29. Rxc1 Qxc1+ 30. Kh2 Bc7+ 0-1

[Event "2. ODEM U25 2005"]
[Site "Willingen GER"]
[Date "2005.05.17"]
[Round "4"]
[White "Rafiee, Makan"]
[Black "Kühner, Christian"]
[Result "0-1"]
[Termination "normal"]
[Board "6"]
[WhiteElo "1992"]
[BlackElo "2150"]
[PlyCount "68"]
[WhiteFideId "24609340"]
[BlackFideId "4679440"]
[EventCountry "GER"]
[EventRounds "9"]
[EventType "swiss"]
[EventDate "2005.05.15"]

1. e4 c5 2. c4 d6 3. Nc3 e6 4. g3 Nc6 5. Bg2 g6 6. Nge2 Bg7 7. O-O Nge7 8. d3
O-O 9. Be3 Nd4 10. Qd2 Rb8 11. Rae1 a6 12. f4 f5 13. h3 b5 14. b3 b4 15. Nd1
Nec6 16. Bf2 Bb7 17. Ne3 Nxe2+ 18. Qxe2 Nd4 19. Qd2 Qd7 20. Nc2 e5 21. Nxd4
cxd4 22. fxe5 dxe5 23. Kh2 a5 24. Re2 Rf7 25. Bg1 Rbf8 26. Rf3 f4 27. g4 g5 28.
Bf1 Bf6 29. Rg2 Bc8 30. Bf2 h5 31. Rg1 Rh7 32. gxh5 Rxh5 33. Rg2 Kf7 34. Kg1
Rfh8 0-1

[Event "2. ODEM U25 2005"]
[Site "Willingen GER"]
[Date "2005.05.17"]
[Round "4"]
[White "Schinkowski, Christoph"]
[Black "Sieker, Roland"]
[Result "1-0"]
[Termination "normal"]
[Board "7"]
[WhiteElo "2193"]
[BlackElo "1895"]
[PlyCount "85"]
[WhiteFideId "4686632"]
[BlackFideId "24600261"]
[EventCountry "GER"]
[EventRounds "9"]
[EventType "swiss"]
[EventDate "2005.05.15"]

1. c4 e5 2. g3 Nf6 3. Bg2 c6 4. Nc3 Be7 5. Nf3 e4 6. Nd4 d5 7. cxd5 cxd5 8. O-O
Nc6 9. Nxc6 bxc6 10. d3 exd3 11. Qxd3 O-O 12. h3 Qb6 13. b3 Re8 14. Be3 Qa5 15.
a3 Nd7 16. b4 Qd8 17. Bd4 Bf6 18. b5 Bxd4 19. Qxd4 cxb5 20. Nxd5 Nb6 21. Rfd1
Rb8 22. Qf4 Bb7 23. Nc7 Qe7 24. Nxe8 Rxe8 25. Qd6 Qxd6 26. Rxd6 Bxg2 27. Kxg2
g6 28. e3 Rc8 29. Rb1 Rc3 30. Rxb5 Rxa3 31. Rc6 Ra2 32. Rcc5 Kf8 33. Ra5 Rxa5
34. Rxa5 Nc8 35. Rc5 Nd6 36. Kf3 Ke8 37. Rc7 Nb5 38. Rb7 a6 39. Kf4 Kd8 40.
Rxf7 Kc8 41. Re7 Nc7 42. Ke5 Kb7 43. Kd6 1-0

[Event "2. ODEM U25 2005"]
[Site "Willingen GER"]
[Date "2005.05.17"]
[Round "4"]
[White "Lantzsch, Christian"]
[Black "Frey, Claudia"]
[Result "1-0"]
[Termination "normal"]
[Board "8"]
[WhiteElo "2141"]
[BlackElo "1911"]
[PlyCount "68"]
[WhiteFideId "4659821"]
[BlackFideId "24614513"]
[EventCountry "GER"]
[EventRounds "9"]
[EventType "swiss"]
[EventDate "2005.05.15"]

1. d4 d5 2. Bg5 Nf6 3. Nc3 Bf5 4. f3 Nbd7 5. Qd2 h6 6. Bf4 c6 7. g4 Bg6 8. e3
e6 9. Nh3 Bb4 10. Nf2 c5 11. a3 cxd4 12. axb4 dxc3 13. bxc3 a6 14. Bd3 e5 15.
Bxg6 fxg6 16. Bg3 O-O 17. O-O Rc8 18. Rfd1 Qe7 19. h4 g5 20. hxg5 hxg5 21. e4
Nb6 22. Qxg5 Rxc3 23. Qxe5 Qxe5 24. Bxe5 Rxf3 25. Bd6 Rf7 26. e5 Ne8 27. Bc5
Nc4 28. Rxd5 Kh7 29. Ne4 Kg6 30. Rc1 R7f4 31. Kg2 Nc7 32. Rd4 Nxe5 33. Rd6+ Rf6
34. Nxf6 gxf6 1-0